Представление документа в формате MARC21

Поле Инд. ПП Название Значение
Тип записи a
Библиографический уровень m
001 Контрольный номер 30ab867470494200a3aecc381f510cd0
005 Дата корректировки 20260703145554.0
040 a Служба первич. каталог. 10013504
b Код языка каталог. rus
e Правила каталог. PSBO
041 0_ a Код языка текста rus
090 a Полочн. индекс 536
x Авторский знак В 265
r Идентификатор организации 10013504
100 1_ a Автор Вейник А.И.
245 10 a Заглавие Термодинамика
b Продолж. заглавия учебное пособие для университетов, технических и педагогических вузов
250 a Основные сведения об издании 2-е изд., перераб. и доп.
260 a Место издания Минск
b Издательство Высшая школа
c Дата издания 1965
300 a Объем 402 с.
b Иллюстрации/ тип воспроизводства ил.
504 a Библиография Библиогр.: с.388-389 (33 назв.). - Предм. указ.: с.394-402
520 0_ a Аннотация В книге в доступной форме излагаются основы общей термодинамики. Во втором издании получили дальнейшее развитие идеи автора, которые были положены им в основу построения новой системы термодинамики, изложенной в первом издании (1961 г.). Специальная глава посвящена критическому анализу современной термодинамики необратимых процессов и изложению новой теории, предложенной автором. В ней устранены элементы формализма, делающие чрезвычайно эффективный аппарат термодинамики необратимых процессов труднодоступным для понимания широкого круга студентов и инженеров. Впервые приводятся расчётные уравнения состояния для идеализированных систем с любым числом степеней свободы, выраженные через все параметры состояния, включая энтропию, даётся феноменологическое доказательство соотношения взаимности Онзагера и т.д. Все основные положения теории иллюстрированы многочисленными примерами из самых разнообразных явлений - термических, механических, химических, фильтрационных, гидродинамических, диффузионных, электрических, магнитных и т.д. Учебное пособие предназначено для студентов высших учебных заведений (технических, педагогических и университетов) и может быть полезным для аспирантов, преподавателей, научных работников и желающих самостоятельно изучить и понять термодинамику
650 04 a Основная рубрика ТЕРМОДИНАМИКА
653 0_ a Ключевые слова ТЕРМОДИНАМИКА - УЧЕБНИКИ И ПОСОБИЯ
901 t Тип документа m
952 a Тип литературы для КСУ ВШ КУпР
b Гриф литературы для ВШ Доп. Минвузом БССР
c Вид литературы учебное пособие